| 000 | 00365nam a2200133Ia 4500 | ||
|---|---|---|---|
| 008 | 240624s9999 xx 000 0 und d | ||
| 041 | _aeng | ||
| 082 | _a650 FAR | ||
| 100 | _aFARRALL JEREMY | ||
| 245 | _aSANCTIONS ACCOUNTABILITY AND GOVERNANCE | ||
| 260 |
_c2009 _aNew Delhi _bCambridge University Press |
||
| 300 | _axx, : 486 : p. : cm. ; 23 | ||
| 365 |
_cBPS _b38 |
||
| 999 |
_c28379 _d28379 |
||